Normal view MARC view
  • KUMAR, SANJAY

Entry Personal Name

Number of records used in: 2

001 - CONTROL NUMBER

  • control field: 8659

003 - CONTROL NUMBER IDENTIFIER

  • control field: JRU

005 - DATE AND TIME OF LATEST TRANSACTION

  • control field: 20250904132024.0

008 - FIXED-LENGTH DATA ELEMENTS

  • fixed length control field: 250904|| aca||aabn | a|a d

040 ## - CATALOGING SOURCE

  • Original cataloging agency: JRU
  • Transcribing agency: JRU

100 ## - HEADING--PERSONAL NAME

  • Personal name: KUMAR, SANJAY

670 ## - SOURCE DATA FOUND

  • Source citation: Work cat.: (JRU)8784: KUMAR, SANJAY, PHARMACEUTICS FOR DIPLOMA IN PHARMACY: Exclusively prepared fpr D PHARMA [1ST YEAR STUDENTS], 2026